| 000 | 02185nam a22003137a 4500 | ||
|---|---|---|---|
| 003 | NALT | ||
| 005 | 20260106111156.0 | ||
| 008 | 250925b th ||||| |||| 00| 0 tha d | ||
| 040 | _aNALT | ||
| 245 | 0 | 0 |
_aประมวลกฎหมายแพ่งและพาณิชย์ (ฉบับที่ 23) พ.ศ. 2565 และพระราชบัญญัติกำหนดความผิดเกี่ยวกับห้างหุ้นส่วนจดทะเบียน ห้างหุ้นส่วนจำกัด บริษัทจำกัด สมาคม และมูลนิธิ (ฉบับที่ 5) พ.ศ. 2565 / _cRun Of Law. _h[electronic resource] |
| 250 | _aพิมพ์ครั้งที่ 1. | ||
| 260 |
_aกรุงเทพฯ : _bRun Of Law, _c2565. |
||
| 300 | _aOnline resource | ||
| 650 | 4 |
_aกฎหมายแพ่งและพาณิชย์ _91605 |
|
| 650 | 4 |
_aกฎหมายแพ่งและพาณิชย์ บรรพ 1 _929104 |
|
| 650 | 4 |
_aกฎหมายแพ่งและพาณิชย์ บรรพ 2 _918769 |
|
| 650 | 4 |
_aกฎหมายแพ่งและพาณิชย์ บรรพ 3 _945129 |
|
| 650 | 4 |
_aกฎหมายแพ่งและพาณิชย์ บรรพ 4 _945130 |
|
| 650 | 4 |
_aกฎหมายแพ่งและพาณิชย์ บรรพ 5 _945131 |
|
| 650 | 4 |
_aกฎหมายแพ่งและพาณิชย์ บรรพ 6 _945132 |
|
| 650 | 4 |
_aกฎหมายแพ่งและพาณิชย์ _xหุ้นส่วนและบริษัท _958828 |
|
| 650 | 4 |
_aกฎหมายแพ่งและพาณิชย์ _xสมาคม _94377 |
|
| 650 | 4 |
_aกฎหมายแพ่งและพาณิชย์ _xมูลนิธิ _958826 |
|
| 710 | 2 |
_aกลุ่มวิชาการ Run Of Law. _965511 |
|
| 856 | 4 | 0 |
_uhttps://ebook.parliament.go.th/ebookall/detail/438273 _zE-Book |
| 942 |
_cEBK _2lcc |
||
| 996 |
_ajamriang.p _bCATSTF _c2025-12-29 |
||
| 999 |
_c107268 _d107268 |
||
| 998 |
_j1020 _k นางจำเรียง ระวังสำโรง |
||